Establecimiento de un sistema de control de calidad para una planta de productos de aluminio
Gespeichert in:
| 1. Verfasser: | |
|---|---|
| Format: | Buch |
| Veröffentlicht: |
[San José , Costa Rica]
1985
|
| Schlagworte: | |
| Tags: |
Tag hinzufügen
Keine Tags, Fügen Sie den ersten Tag hinzu!
|
MARC
| LEADER | 00000nam a2200000Ia 4500 | ||
|---|---|---|---|
| 003 | 002976 | ||
| 005 | 20221231144359.0 | ||
| 008 | 140114s1985 cr a m 000 ||s d | ||
| 040 | |c cru CEDI | ||
| 090 | |a TFG 1743 | ||
| 100 | |a López Villiers, Alvaro José |9 14371 | ||
| 245 | |a Establecimiento de un sistema de control de calidad para una planta de productos de aluminio | ||
| 260 | |c 1985 |a [San José , Costa Rica] | ||
| 300 | |a iv, 101 hojas : ilustraciones | ||
| 500 | |a Proyecto de graduación (licenciatura en ingeniería química)--Universidad de Costa Rica. Facultad de Ingeniería. Escuela de Ingeniería Química | ||
| 650 | |x CONTROL DE CALIDAD |x ALUMINIO - INDUSTRIA Y COMERCIO |9 14372 | ||
| 942 | |c TFG |2 ddc | ||
| 999 | |c 21023 |d 21023 | ||
